Clash of Clans Offensive - Statistiken

Allgemein
  • Dieses Quiz wurde 17 mal gespielt
    7 seit der letzten Aktualisierung
  • Das Durchschnittsergebnis liegt bei 65 aus 129
Antwortstatistiken
Antworten % Korrekt
Barbar
100%
Bogenschütze
100%
Drache
100%
Kobold
100%
Magier
100%
Mauerbrecher
100%
Riese
100%
Ballon
80%
Blitzzauber
80%
Bogenschützen-Königin
80%
Eisgolem
80%
Erdbebenzauber
80%
Frostzauber
80%
Golem
80%
Heiler
80%
Hexe
80%
P.E.K.K.A.
80%
Schweinereiter
80%
Sprungzauber
80%
Superbarbar
80%
Superdrache
80%
Tunnelgräber
80%
Wutzauber
80%
Barbarenkönig
60%
Bowler
60%
Drachenbaby
60%
Drachenfürst
60%
Druide
60%
Eilzauber
60%
Eishund
60%
Fledermaus-Zauber
60%
Giftzauber
60%
Großer Wächter
60%
Haudraufriese
60%
Heilungszauber
60%
Kampfmaschine
60%
Kanonenkarre
60%
Lakai
60%
Lakaienprinz
60%
Lavahund
60%
Nachthexe
60%
Raketenballon
60%
Rückrufzauber
60%
Schleichkobold
60%
Schleichschütze
60%
Schweinegleiter
60%
Skelettballon
60%
Skelettzauber
60%
Super-Bogenschütze
60%
Superbowler
60%
Superhexe
60%
Super-Mauerbrecher
60%
Superriese
60%
Superschweinereiter
60%
Totemzauber
60%
Unsichtbarkeitszauber
60%
Walküre
60%
Werfer
60%
Wiederbelebungszauber
60%
Wurzelreiterin
60%
Belagerungskaserne
40%
Bombenwerfer
40%
Drachenreiter
40%
Einhorn
40%
Eisblockzauber
40%
Elektrodrache
40%
Elektroeule
40%
Fliegende Festung
40%
Frosty
40%
Giftechse
40%
Kampfbohrer
40%
Kampfholzwerfer
40%
Kessel
40%
Klonzauber
40%
Königliche Gladiatorin
40%
Kopfjägerin
40%
L.A.S.S.I.
40%
Mächtiger Yak
40%
Meteorgolem
40%
Phönix
40%
Rammbock
40%
Supergräber
40%
Superlakai
40%
Supermagier
40%
Superwalküre
40%
Tobender Barbar
40%
Überwucherungszauber
40%
Wächterlehrling
40%
Wütende Qualle
40%
Berggolem
20%
Elektrotitanin
20%
Ewiger Eilzauber
20%
Felsenwerfer
20%
Friedhofszauber
20%
Geisterfuchs
20%
Infernodrache
20%
Kampfschrauber
20%
Kampfzeppelin
20%
Lakaienhorde
20%
Mauervernichter
20%
Mutantenlakai
20%
Plünderkarre
20%
Schleichschützen
20%
Skelettfässer
20%
Sneezy
20%
Superyeti
20%
Truppenwerfer
20%
Yeti
20%
Diggy
0%
Elektrofeuermagier
0%
Flammenschleuderer
0%
Gieriger Rabe
0%
Megafunki
0%
Raketenballons
0%
Schweinekämpfer
0%
Super-P.E.K.K.A.
0%
Keine übereinstimmenden Quizze gefunden
Verteilung der Resultate
Anzahl Personen mit jedem Resultat
Perzentil nach korrekt beantworteten Fragen
Ihre Resultats-Entwicklung
Sie haben dieses Quiz seit der letzten Aktualisierung nicht gespielt